West African Economic and Monetary Union : Financial Sector Assessment Program-Technical Note-Stress Tests, Credit Concentration, and Interest Rate Risks.

This technical note presents the stress tests on credit, interest rate, and concentration risk conducted by the WAEMU FSAP.1 Stress tests on contagion and liquidity risks are addressed separately.2 Stress tests are an important tool for detecting financial sector vulnerabilities, setting up targeted...

詳細記述

書誌詳細
団体著者: International Monetary Fund. African Dept
フォーマット: 雑誌
言語:English
出版事項: Washington, D.C. : International Monetary Fund, 2022.
シリーズ:IMF Staff Country Reports; Country Report ; No. 2022/279
主題:
オンライン・アクセス:Full text available on IMF
LEADER 01789cas a2200289 a 4500
001 AALejournalIMF023068
008 230101c9999 xx r poo 0 0eng d
020 |c 20.00 USD 
020 |z 9798400217340 
022 |a 1934-7685 
040 |a BD-DhAAL  |c BD-DhAAL 
110 2 |a International Monetary Fund.  |b African Dept. 
245 1 0 |a West African Economic and Monetary Union :   |b Financial Sector Assessment Program-Technical Note-Stress Tests, Credit Concentration, and Interest Rate Risks. 
264 1 |a Washington, D.C. :  |b International Monetary Fund,  |c 2022. 
300 |a 1 online resource (48 pages) 
490 1 |a IMF Staff Country Reports 
500 |a <strong>Off-Campus Access:</strong> No User ID or Password Required 
500 |a <strong>On-Campus Access:</strong> No User ID or Password Required 
506 |a Electronic access restricted to authorized BRAC University faculty, staff and students 
520 3 |a This technical note presents the stress tests on credit, interest rate, and concentration risk conducted by the WAEMU FSAP.1 Stress tests on contagion and liquidity risks are addressed separately.2 Stress tests are an important tool for detecting financial sector vulnerabilities, setting up targeted banking sector monitoring, imposing preventive measures, and informing public decision-makers of macrofinancial risks and costs. 
538 |a Mode of access: Internet 
650 7 |a General Financial Markets  |2 imf 
650 7 |a International Agreements and Observance  |2 imf 
650 7 |a International Organizations  |2 imf 
650 7 |a Monetary Policy  |2 imf 
830 0 |a IMF Staff Country Reports; Country Report ;  |v No. 2022/279 
856 4 0 |z Full text available on IMF  |u https://elibrary.imf.org/openurl?genre=journal&issn=1934-7685&volume=2022&issue=279  |z IMF e-Library